[Event "Madrid ch 2021-2022 Semifinal"]
[Site "Madrid ESP"]
[Date "2022.05.10"]
[Round "7.16"]
[White "Lorenzo Bailador, Alfredo"]
[Black "Feal Albala, Alonso"]
[Result "0-1"]
[WhiteElo "1962"]
[BlackElo "1892"]
[PlyCount "126"]
[EventDate "2022.05.04"]
[EventType "swiss"]
[EventRounds "9"]
[EventCountry "ESP"]
[SourceTitle "Ajedrez en Madrid"]
[Source "lmi"]
[SourceDate "2022.05.04"]
[SourceVersion "1"]
[SourceVersionDate "2022.05.15"]
[SourceQuality "1"]

1. e4 c5 2. c3 d5 3. exd5 Qxd5 4. d4 Nf6 5. Nf3 e6 6. Na3 Nc6 7. Bc4 Qe4+ 8.
Qe2 Qxe2+ 9. Bxe2 a6 10. Nc4 Nd5 11. Nce5 Nxe5 12. dxe5 Be7 13. O-O O-O 14. c4
Nb4 15. a3 Nc6 16. Rd1 f6 17. exf6 Bxf6 18. Be3 b6 19. Rab1 e5 20. b4 Bf5 21.
Rb3 Bc2 22. Rd6 Bxb3 23. Rxc6 cxb4 24. Rxb6 e4 25. Nd4 Bxd4 26. Bxd4 Rfb8 27.
axb4 Rxb6 28. Bxb6 Kf7 29. Kf1 Ke6 30. Ke1 Kd6 31. Kd2 Kc6 32. Ba5 Rf8 33. Ke3
Bc2 34. f3 Re8 35. Kd2 exf3 36. Bxf3+ Be4 37. Ke3 Bxf3+ 38. Kxf3 Rf8+ 39. Kg4
Rf2 40. Kg3 Rc2 41. b5+ axb5 42. cxb5+ Kxb5 43. Be1 h5 44. h4 Rc4 45. Kf3 Kc6
46. g3 Kd5 47. Ba5 Ke6 48. Kg2 Kf5 49. Kh3 Rg4 50. Bc7 Ke4 51. Kg2 Ke3 52. Bb6+
Ke2 53. Ba5 Ra4 54. Bc7 Ke3 55. Bb6+ Ke4 56. Bc5 Ra2+ 57. Kh3 Kf3 58. Bd6 Ra1
59. Kh2 Kg4 60. Be5 Ra2+ 61. Kg1 g6 62. Bd6 Kh3 63. Be5 Rg2+ 0-1

[Event "Madrid ch 2021-2022 Semifinal"]
[Site "Madrid ESP"]
[Date "2022.05.10"]
[Round "7.17"]
[White "Santamaria Baeza, Adolfo"]
[Black "Baeza Escudero, Javier"]
[Result "1-0"]
[WhiteElo "1870"]
[BlackElo "1874"]
[PlyCount "85"]
[EventDate "2022.05.04"]
[EventType "swiss"]
[EventRounds "9"]
[EventCountry "ESP"]
[SourceTitle "Ajedrez en Madrid"]
[Source "lmi"]
[SourceDate "2022.05.04"]
[SourceVersion "1"]
[SourceVersionDate "2022.05.15"]
[SourceQuality "1"]

1. e4 e6 2. d4 d5 3. e5 c5 4. c3 Nc6 5. Nf3 Qb6 6. a3 f6 7. Be2 fxe5 8. dxe5
Nh6 9. b4 Nf7 10. Bf4 Qc7 11. Bd3 Be7 12. b5 Na5 13. O-O Bd7 14. a4 a6 15. bxa6
bxa6 16. Qe2 Nb3 17. Ra2 c4 18. Bc2 O-O 19. Nbd2 Rfb8 20. Rb1 Nc5 21. Nd4 Qa5
22. Qf3 Rxb1+ 23. Nxb1 Rf8 24. Qh3 Ne4 25. Bxe4 dxe4 26. Qg3 Rb8 27. Nd2 Bc5
28. h4 Bxd4 29. cxd4 c3 30. Nxe4 c2 31. Nf6+ Kh8 32. Nxd7 Qe1+ 33. Kh2 Rb1 34.
Qa3 Rb4 35. Rxc2 g5 36. Qg3 Rb1 37. Rc8+ Kg7 38. Kh3 Qh1+ 39. Kg4 Rb3 40. f3
gxf4 41. Kxf4+ Kh6 42. Nf6 Rxf3+ 43. gxf3 1-0

[Event "Madrid ch 2021-2022 Semifinal"]
[Site "Madrid ESP"]
[Date "2022.05.10"]
[Round "7.18"]
[White "Moreno Torrero, Javier"]
[Black "Lopez de Turiso, Jose Angel"]
[Result "1/2-1/2"]
[WhiteElo "1948"]
[BlackElo "1933"]
[PlyCount "60"]
[EventDate "2022.05.04"]
[EventType "swiss"]
[EventRounds "9"]
[EventCountry "ESP"]
[SourceTitle "Ajedrez en Madrid"]
[Source "lmi"]
[SourceDate "2022.05.04"]
[SourceVersion "1"]
[SourceVersionDate "2022.05.15"]
[SourceQuality "1"]

1. d4 d5 2. c4 c6 3. Nc3 Nf6 4. Nf3 e6 5. cxd5 exd5 6. Bg5 Be7 7. Qc2 Nbd7 8.
e3 Nf8 9. Bd3 Ne6 10. h4 h6 11. Bxf6 Bxf6 12. O-O-O Qa5 13. g4 Rf8 14. e4 Nxd4
15. Nxd4 Bxd4 16. exd5 Bxc3 17. bxc3 cxd5 18. Rhe1+ Be6 19. c4 d4 20. Bf5 O-O-O
21. Bxe6+ fxe6 22. Rxe6 Rf3 23. Rd3 Rxd3 24. Qxd3 Qxa2 25. f4 Qf2 26. Qf5 Kb8
27. Qe5+ Kc8 28. Qc5+ Kb8 29. Qe5+ Kc8 30. Qc5+ Kb8 1/2-1/2

[Event "Madrid ch 2021-2022 Semifinal"]
[Site "Madrid ESP"]
[Date "2022.05.10"]
[Round "7.19"]
[White "Torres Rebolledo, Alvaro"]
[Black "Esteban Amo, Jose M."]
[Result "1-0"]
[WhiteElo "1839"]
[BlackElo "1856"]
[PlyCount "73"]
[EventDate "2022.05.04"]
[EventType "swiss"]
[EventRounds "9"]
[EventCountry "ESP"]
[SourceTitle "Ajedrez en Madrid"]
[Source "lmi"]
[SourceDate "2022.05.04"]
[SourceVersion "1"]
[SourceVersionDate "2022.05.15"]
[SourceQuality "1"]

1. e4 c5 2. b4 b6 3. bxc5 bxc5 4. Bc4 Nc6 5. Nc3 Nf6 6. d3 g6 7. f4 d6 8. Nge2
Bg7 9. O-O O-O 10. Rb1 Na5 11. e5 dxe5 12. fxe5 Ng4 13. Bd5 Bd7 14. Bxa8 Qxa8
15. Bf4 Nc6 16. Ne4 Ncxe5 17. h3 Nh6 18. N2g3 Qd5 19. Kh2 Nf5 20. Nxf5 Bxf5 21.
Ng3 Be6 22. Qe2 Nc6 23. c4 Qd7 24. Be3 Nd4 25. Bxd4 Bxd4 26. Qf3 Qd6 27. Kh1
Bd7 28. Ne4 Qc7 29. Rb7 Qd8 30. Rxa7 Bc6 31. Rd1 Kg7 32. Qf4 e5 33. Qg5 Qb8 34.
Qf6+ Kg8 35. Re7 Bxe4 36. dxe4 Qa8 37. Rf1 1-0

[Event "Madrid ch 2021-2022 Semifinal"]
[Site "Madrid ESP"]
[Date "2022.05.11"]
[Round "8.1"]
[White "Martinez Fernandez, Raul"]
[Black "Horcajuelo Rocamora, Martin"]
[Result "0-1"]
[WhiteElo "2204"]
[BlackElo "2126"]
[PlyCount "118"]
[EventDate "2022.05.04"]
[EventType "swiss"]
[EventRounds "9"]
[EventCountry "ESP"]
[SourceTitle "Ajedrez en Madrid"]
[Source "lmi"]
[SourceDate "2022.05.04"]
[SourceVersion "1"]
[SourceVersionDate "2022.05.15"]
[SourceQuality "1"]

1. e4 c5 2. Nc3 d6 3. g3 Nc6 4. Bg2 g6 5. f4 Bg7 6. Nf3 e6 7. O-O Nge7 8. d3
O-O 9. Be3 Nd4 10. Qd2 f5 11. e5 Nec6 12. exd6 Qxd6 13. Rae1 Nb4 14. Rc1 Nbc6
15. Nd1 Bd7 16. c3 Nxf3+ 17. Bxf3 Rad8 18. Nf2 e5 19. Qc2 Kh8 20. Bg2 b6 21.
Rfe1 Rfe8 22. Re2 Nd4 23. Bxd4 exd4 24. c4 Rxe2 25. Qxe2 Re8 26. Qd2 Re3 27.
Re1 Qe7 28. Kf1 g5 29. Nh3 h6 30. Kf2 Be8 31. fxg5 hxg5 32. Ng1 f4 33. Be4 Bh6
34. g4 Bg7 35. Nf3 Bf6 36. Rh1 Bf7 37. b3 Kg7 38. h4 gxh4 39. g5 Bxg5 40. Rg1
Rxf3+ 41. Bxf3 Qe3+ 42. Qxe3 dxe3+ 43. Ke2 Kf6 44. d4 cxd4 45. Kd3 h3 46. Bg4
Bh4 47. Rh1 Bf2 48. Rxh3 Bg6+ 49. Ke2 d3+ 50. Kd1 Kg5 51. Bf3 Be4 52. Rh5+ Kg6
53. Bxe4+ Kxh5 54. Bxd3 f3 55. b4 Kg4 56. a4 Kg3 57. c5 bxc5 58. b5 Kg2 59. a5
Bg3 0-1

[Event "Madrid ch 2021-2022 Semifinal"]
[Site "Madrid ESP"]
[Date "2022.05.11"]
[Round "8.2"]
[White "Bravo De La Vega, Alvaro"]
[Black "Centeno Mendoza, Julio Stefano"]
[Result "1/2-1/2"]
[WhiteElo "2082"]
[BlackElo "2050"]
[PlyCount "21"]
[EventDate "2022.05.04"]
[EventType "swiss"]
[EventRounds "9"]
[EventCountry "ESP"]
[SourceTitle "Ajedrez en Madrid"]
[Source "lmi"]
[SourceDate "2022.05.04"]
[SourceVersion "1"]
[SourceVersionDate "2022.05.15"]
[SourceQuality "1"]

1. e4 e5 2. Nc3 Nf6 3. Bc4 Nc6 4. d3 Na5 5. Qf3 Be7 6. Nge2 c6 7. O-O d6 8. Qg3
Nh5 9. Qf3 Nf6 10. Qg3 Nh5 11. Qf3 1/2-1/2

[Event "Madrid ch 2021-2022 Semifinal"]
[Site "Madrid ESP"]
[Date "2022.05.11"]
[Round "8.3"]
[White "Ruiz Buendia, Miguel"]
[Black "Rottenwohrer Suarez, Juan"]
[Result "1-0"]
[WhiteElo "2162"]
[BlackElo "2256"]
[PlyCount "51"]
[EventDate "2022.05.04"]
[EventType "swiss"]
[EventRounds "9"]
[EventCountry "ESP"]
[SourceTitle "Ajedrez en Madrid"]
[Source "lmi"]
[SourceDate "2022.05.04"]
[SourceVersion "1"]
[SourceVersionDate "2022.05.15"]
[SourceQuality "1"]

1. e4 c5 2. Nf3 e6 3. d4 cxd4 4. Nxd4 Nc6 5. Nc3 Qc7 6. Be3 a6 7. Qd2 Nf6 8. f4
Bb4 9. Bd3 d5 10. e5 Nd7 11. O-O-O Na5 12. Kb1 Be7 13. h4 b5 14. g4 Nb6 15. f5
Nbc4 16. Qc1 Nxe3 17. Qxe3 Bd7 18. Rhf1 Nc4 19. Bxc4 bxc4 20. f6 Bf8 21. Nxd5
exd5 22. e6 O-O-O 23. fxg7 Bxg7 24. Rxf7 Bxd4 25. Qxd4 Rhe8 26. e7 1-0

[Event "Madrid ch 2021-2022 Semifinal"]
[Site "Madrid ESP"]
[Date "2022.05.11"]
[Round "8.5"]
[White "Barez Menendez, Hector"]
[Black "Rey Martinez, Jaime"]
[Result "1/2-1/2"]
[WhiteElo "2066"]
[BlackElo "2055"]
[PlyCount "43"]
[EventDate "2022.05.04"]
[EventType "swiss"]
[EventRounds "9"]
[EventCountry "ESP"]
[SourceTitle "Ajedrez en Madrid"]
[Source "lmi"]
[SourceDate "2022.05.04"]
[SourceVersion "1"]
[SourceVersionDate "2022.05.15"]
[SourceQuality "1"]

1. d4 d5 2. c4 dxc4 3. Qa4+ c6 4. Qxc4 Nf6 5. Nf3 Bg4 6. Nc3 Nbd7 7. e4 Bxf3 8.
gxf3 e5 9. Be3 exd4 10. Bxd4 Bd6 11. O-O-O Qe7 12. Bh3 Bf4+ 13. Kb1 Ne5 14. Qe2
O-O 15. Be3 Ng6 16. Bf5 Be5 17. Qc4 Qc7 18. h4 Nf4 19. Bxf4 Bxf4 20. Rd3 Rfd8
21. Rhd1 Rxd3 22. Qxd3 1/2-1/2

[Event "Madrid ch 2021-2022 Semifinal"]
[Site "Madrid ESP"]
[Date "2022.05.11"]
[Round "8.6"]
[White "Gueler Berdasco, Martin"]
[Black "Ruiz Vazquez, Javier"]
[Result "1/2-1/2"]
[WhiteElo "1946"]
[BlackElo "1960"]
[PlyCount "67"]
[EventDate "2022.05.04"]
[EventType "swiss"]
[EventRounds "9"]
[EventCountry "ESP"]
[SourceTitle "Ajedrez en Madrid"]
[Source "lmi"]
[SourceDate "2022.05.04"]
[SourceVersion "1"]
[SourceVersionDate "2022.05.15"]
[SourceQuality "1"]

1. c4 Nf6 2. g3 g6 3. Bg2 Bg7 4. Nc3 O-O 5. e4 d6 6. Nge2 e5 7. O-O c6 8. d4
Qc7 9. b3 Rd8 10. Bb2 Bg4 11. f3 Bc8 12. Rc1 exd4 13. Qxd4 Ng4 14. Qd2 Qb6+ 15.
Kh1 Nf2+ 16. Rxf2 Qxf2 17. f4 Bg4 18. Rf1 Qb6 19. f5 Bxe2 20. Na4 Qc7 21. Bxg7
Bxf1 22. f6 Bxg2+ 23. Kxg2 d5 24. Qh6 Qd6 25. Bh8 Qf8 26. Bg7 Qe8 27. Bh8 Qf8
28. Bg7 Qe8 29. Bh8 Qxe4+ 30. Kg1 Qd4+ 31. Kg2 Qe4+ 32. Kg1 Qe1+ 33. Kg2 Qe2+
34. Kg1 1/2-1/2

[Event "Madrid ch 2021-2022 Semifinal"]
[Site "Madrid ESP"]
[Date "2022.05.11"]
[Round "8.7"]
[White "Elissalt Cardenas, Hector"]
[Black "Simonyan, Arturo"]
[Result "1-0"]
[WhiteElo "2285"]
[BlackElo "1895"]
[PlyCount "99"]
[EventDate "2022.05.04"]
[EventType "swiss"]
[EventRounds "9"]
[EventCountry "ESP"]
[SourceTitle "Ajedrez en Madrid"]
[Source "lmi"]
[SourceDate "2022.05.04"]
[SourceVersion "1"]
[SourceVersionDate "2022.05.15"]
[SourceQuality "1"]

1. c4 c5 2. Nc3 Nc6 3. Nf3 g6 4. e3 Bg7 5. d4 cxd4 6. exd4 d6 7. Be2 Nf6 8. O-O
O-O 9. d5 Nb8 10. h3 Nbd7 11. Be3 Nc5 12. Rc1 Nfe4 13. Nxe4 Nxe4 14. Bd4 Bxd4
15. Qxd4 Nf6 16. Qf4 Kg7 17. Rfe1 e5 18. dxe6 Bxe6 19. Red1 d5 20. c5 Ne4 21.
Nd4 Qf6 22. Qxf6+ Nxf6 23. b4 a6 24. c6 bxc6 25. Rxc6 a5 26. b5 Bd7 27. Rc7
Rfc8 28. Rdc1 Ne8 29. Rxc8 Rxc8 30. Rxc8 Bxc8 31. f4 Nd6 32. Bd3 Kf8 33. Kf2
Ke8 34. Ke3 Kd7 35. a4 Kc7 36. Nb3 Kb6 37. Kd4 Bf5 38. Nc5 Bxd3 39. Nxd3 Nf5+
40. Kxd5 Ne3+ 41. Kd6 Nxg2 42. Ne5 Ne3 43. Ke7 f5 44. Kd6 h6 45. h4 h5 46. Ke6
Kc7 47. Nxg6 Nc4 48. Ne7 Nb2 49. Nd5+ Kb7 50. Nc3 1-0

[Event "Madrid ch 2021-2022 Semifinal"]
[Site "Madrid ESP"]
[Date "2022.05.11"]
[Round "8.8"]
[White "Longa Yauca, Javier"]
[Black "Tenorio Garcia, Joel"]
[Result "1/2-1/2"]
[WhiteElo "2259"]
[BlackElo "2027"]
[PlyCount "30"]
[EventDate "2022.05.04"]
[EventType "swiss"]
[EventRounds "9"]
[EventCountry "ESP"]
[SourceTitle "Ajedrez en Madrid"]
[Source "lmi"]
[SourceDate "2022.05.04"]
[SourceVersion "1"]
[SourceVersionDate "2022.05.15"]
[SourceQuality "1"]

1. d4 Nf6 2. Nf3 g6 3. b3 Bg7 4. Bb2 O-O 5. Nbd2 d5 6. e3 c5 7. dxc5 Qa5 8. Bd4
Nc6 9. Be2 Nxd4 10. exd4 Ne4 11. b4 Qxb4 12. Rb1 Qa5 13. Rb5 Qc3 14. Rb3 Qa5
15. Rb5 Qc3 1/2-1/2

[Event "Madrid ch 2021-2022 Semifinal"]
[Site "Madrid ESP"]
[Date "2022.05.11"]
[Round "8.9"]
[White "De La Puerta Cresis, Javier"]
[Black "Lopez Herrero, Israel"]
[Result "1-0"]
[WhiteElo "2128"]
[BlackElo "1824"]
[PlyCount "59"]
[EventDate "2022.05.04"]
[EventType "swiss"]
[EventRounds "9"]
[EventCountry "ESP"]
[SourceTitle "Ajedrez en Madrid"]
[Source "lmi"]
[SourceDate "2022.05.04"]
[SourceVersion "1"]
[SourceVersionDate "2022.05.15"]
[SourceQuality "1"]

1. d4 Nf6 2. c4 g6 3. Nc3 Bg7 4. e4 d6 5. f4 O-O 6. Nf3 c5 7. d5 e6 8. Be2 exd5
9. cxd5 Re8 10. e5 dxe5 11. fxe5 Ng4 12. e6 fxe6 13. Bg5 Qb6 14. Qd2 exd5 15.
Nxd5 Qxb2 16. Qxb2 Bxb2 17. Rb1 Be5 18. h3 Bg3+ 19. Kd2 Nf2 20. Nf6+ Kf8 21.
Nxe8 Nxh1 22. Nf6 Nf2 23. Bc4 Nc6 24. Re1 Be6 25. Rxe6 Rd8+ 26. Ke2 Nd4+ 27.
Nxd4 cxd4 28. Nxh7+ Kg7 29. Re7+ Kh8 30. Bf6# 1-0

[Event "Madrid ch 2021-2022 Semifinal"]
[Site "Madrid ESP"]
[Date "2022.05.11"]
[Round "8.10"]
[White "Rodriguez Melendez, Juan Humberto"]
[Black "Barraza Caracuel, Ignacio"]
[Result "1-0"]
[WhiteElo "2098"]
[BlackElo "2100"]
[PlyCount "97"]
[EventDate "2022.05.04"]
[EventType "swiss"]
[EventRounds "9"]
[EventCountry "ESP"]
[SourceTitle "Ajedrez en Madrid"]
[Source "lmi"]
[SourceDate "2022.05.04"]
[SourceVersion "1"]
[SourceVersionDate "2022.05.15"]
[SourceQuality "1"]

1. d4 c5 2. d5 e5 3. c4 d6 4. Nc3 Be7 5. e4 Bg5 6. Bxg5 Qxg5 7. Qa4+ Bd7 8. Qb3
b6 9. Nf3 Qd8 10. Bd3 Nf6 11. O-O O-O 12. Nd2 Nh5 13. g3 Bh3 14. Rfe1 Nd7 15.
Nf1 g6 16. Qd1 Ndf6 17. Ne3 Bd7 18. Rb1 Rc8 19. a3 Ng7 20. b4 h5 21. Nb5 Ng4
22. Nxa7 Nxe3 23. Rxe3 Ra8 24. Nb5 Bxb5 25. cxb5 Rxa3 26. bxc5 dxc5 27. Qd2 Qd6
28. Bc4 Rxe3 29. Qxe3 Ra8 30. Qc3 Ne8 31. f4 f6 32. fxe5 fxe5 33. Ra1 Rxa1+ 34.
Qxa1 Nf6 35. Qa8+ Kg7 36. Qc6 Nxe4 37. Bd3 Qxc6 38. bxc6 Nd6 39. c7 Kf7 40. Ba6
Ke7 41. c8=Q Nxc8 42. Bxc8 Kd6 43. Kf2 Kxd5 44. Ke3 b5 45. Bb7+ Ke6 46. Ba6 b4
47. Ke4 Kf6 48. Bc4 g5 49. h3 1-0

[Event "Madrid ch 2021-2022 Semifinal"]
[Site "Madrid ESP"]
[Date "2022.05.11"]
[Round "8.12"]
[White "Vaquerizo Calvo, Miguel Arturo"]
[Black "Santamaria Baeza, Adolfo"]
[Result "1-0"]
[WhiteElo "2057"]
[BlackElo "1870"]
[PlyCount "83"]
[EventDate "2022.05.04"]
[EventType "swiss"]
[EventRounds "9"]
[EventCountry "ESP"]
[SourceTitle "Ajedrez en Madrid"]
[Source "lmi"]
[SourceDate "2022.05.04"]
[SourceVersion "1"]
[SourceVersionDate "2022.05.15"]
[SourceQuality "1"]

1. e4 e5 2. Nf3 Nc6 3. d4 exd4 4. Nxd4 Bb4+ 5. c3 Be7 6. Bc4 d6 7. O-O Ne5 8.
Be2 Nf6 9. f4 Ng6 10. Bf3 c6 11. Be3 Nh4 12. Nd2 Nxf3+ 13. Qxf3 Ng4 14. Kh1
Nxe3 15. Qxe3 c5 16. N4f3 h6 17. Rad1 Qc7 18. a4 Bg4 19. h3 Bd7 20. b3 b5 21.
e5 d5 22. axb5 Bxb5 23. c4 d4 24. Qd3 Ba6 25. f5 Rb8 26. f6 gxf6 27. exf6 Bxf6
28. Qf5 Rb6 29. Ne4 Bg7 30. Nxc5 Bc8 31. Qe4+ Kf8 32. b4 Rxb4 33. Nxd4 Kg8 34.
Nde6 fxe6 35. Nxe6 Bxe6 36. Qxe6+ Kh7 37. Qf5+ Kg8 38. Rd7 Qxd7 39. Qxd7 Rb2
40. c5 Kh7 41. Qf5+ Kg8 42. c6 1-0

[Event "Madrid ch 2021-2022 Semifinal"]
[Site "Madrid ESP"]
[Date "2022.05.11"]
[Round "8.13"]
[White "Feal Albala, Alonso"]
[Black "Armenteros Peral, Javier"]
[Result "1-0"]
[WhiteElo "1892"]
[BlackElo "2000"]
[PlyCount "85"]
[EventDate "2022.05.04"]
[EventType "swiss"]
[EventRounds "9"]
[EventCountry "ESP"]
[SourceTitle "Ajedrez en Madrid"]
[Source "lmi"]
[SourceDate "2022.05.04"]
[SourceVersion "1"]
[SourceVersionDate "2022.05.15"]
[SourceQuality "1"]

1. e4 e5 2. Nf3 Nf6 3. Nxe5 d6 4. Nf3 Nxe4 5. Nc3 Nxc3 6. dxc3 Be7 7. Be3 Nd7
8. Qd2 O-O 9. h4 Nc5 10. O-O-O Be6 11. Ng5 Qc8 12. Re1 d5 13. Qd1 Ne4 14. Bd3
Bf5 15. Reg1 Nf6 16. Bd4 c5 17. Bxf6 Bxf6 18. g4 Be4 19. Nxe4 dxe4 20. Bxe4 Rd8
21. Qf3 Qe6 22. Kb1 Rd6 23. Re1 Qd7 24. g5 Be7 25. Bxh7+ Kxh7 26. Qxf7 Rd5 27.
c4 Rf5 28. Qxe7 Qd4 29. h5 Qd8 30. h6 Qxe7 31. Rxe7 Rxg5 32. hxg7+ Kg6 33. f4
Rg4 34. f5+ Kf6 35. Rxb7 Rxg7 36. Rh6+ Kg5 37. Rxg7+ Kxh6 38. Rc7 Re8 39. b3
Re5 40. Rxa7 Rxf5 41. Ra5 Kg6 42. Kb2 Kf6 43. b4 1-0

[Event "Madrid ch 2021-2022 Semifinal"]
[Site "Madrid ESP"]
[Date "2022.05.11"]
[Round "8.14"]
[White "Marcos Herrero, Francisco"]
[Black "Bello Burguet, Glenier Lazaro"]
[Result "1/2-1/2"]
[WhiteElo "1939"]
[BlackElo "1993"]
[PlyCount "103"]
[EventDate "2022.05.04"]
[EventType "swiss"]
[EventRounds "9"]
[EventCountry "ESP"]
[SourceTitle "Ajedrez en Madrid"]
[Source "lmi"]
[SourceDate "2022.05.04"]
[SourceVersion "1"]
[SourceVersionDate "2022.05.15"]
[SourceQuality "1"]

1. c4 e6 2. g3 d5 3. Nf3 Nf6 4. Bg2 Be7 5. d4 O-O 6. O-O Nbd7 7. Qc2 c6 8. Nbd2
b6 9. e4 dxe4 10. Nxe4 Bb7 11. Nfg5 h6 12. Nxf6+ Nxf6 13. Ne4 Nxe4 14. Bxe4 Bf6
15. Rd1 Bxd4 16. Be3 e5 17. Bxd4 exd4 18. c5 Qf6 19. Rac1 Rfe8 20. Bg2 Re7 21.
Bf1 Rae8 22. Qa4 bxc5 23. Qxa7 d3 24. Bxd3 c4 25. Bxc4 c5 26. Qa3 Bf3 27. Rf1
Qf5 28. Bd3 Qg4 29. Rc4 Qh3 30. Bh7+ Kxh7 31. Qxf3 Re1 32. Qg2 Qd7 33. Rc1 Rxc1
34. Rxc1 Qd2 35. Rf1 Qxb2 36. Qd5 f6 37. Qf5+ Kh8 38. Qxc5 Qxa2 39. Rc1 Qe2 40.
Qf5 Qe4 41. Qxe4 Rxe4 42. Kg2 Ra4 43. h4 Ra5 44. Rc7 h5 45. Rb7 Kh7 46. Kf3 Kh6
47. Kg2 g5 48. hxg5+ Kxg5 49. Rb8 Ra4 50. Rg8+ Kf5 51. Rh8 Kg5 52. Rg8+ 1/2-1/2

[Event "Madrid ch 2021-2022 Semifinal"]
[Site "Madrid ESP"]
[Date "2022.05.11"]
[Round "8.15"]
[White "Sanchez Garcia, Aurelio"]
[Black "Portero Rubio, Martin"]
[Result "1-0"]
[WhiteElo "1988"]
[BlackElo "1868"]
[PlyCount "73"]
[EventDate "2022.05.04"]
[EventType "swiss"]
[EventRounds "9"]
[EventCountry "ESP"]
[SourceTitle "Ajedrez en Madrid"]
[Source "lmi"]
[SourceDate "2022.05.04"]
[SourceVersion "1"]
[SourceVersionDate "2022.05.15"]
[SourceQuality "1"]

1. Nf3 c5 2. c4 Nc6 3. e3 e5 4. Nc3 d6 5. d4 Bg4 6. d5 Nce7 7. h3 Bc8 8. Be2 g6
9. e4 Bg7 10. g4 Nf6 11. Nh2 Qa5 12. Bd2 h6 13. Nf1 Bd7 14. Ng3 a6 15. a3 Qc7
16. b4 b6 17. Rb1 Rb8 18. Qb3 O-O 19. b5 Ra8 20. O-O Nh7 21. bxa6 Rxa6 22. Nb5
Qb8 23. Kh2 f5 24. gxf5 gxf5 25. Nh5 f4 26. Rg1 Rf7 27. Bg4 Bxg4 28. Rxg4 Kh8
29. Rbg1 Bf8 30. Qc3 Ng5 31. f3 Ra7 32. Bxf4 Nxf3+ 33. Qxf3 exf4 34. Qc3+ Kh7
35. Nf6+ Rxf6 36. Qxf6 Qe8 37. Rg7+ 1-0

[Event "Madrid ch 2021-2022 Semifinal"]
[Site "Madrid ESP"]
[Date "2022.05.11"]
[Round "8.16"]
[White "Baeza Escudero, Javier"]
[Black "Palomo Monserrat, Lorenzo"]
[Result "0-1"]
[WhiteElo "1874"]
[BlackElo "1862"]
[PlyCount "50"]
[EventDate "2022.05.04"]
[EventType "swiss"]
[EventRounds "9"]
[EventCountry "ESP"]
[SourceTitle "Ajedrez en Madrid"]
[Source "lmi"]
[SourceDate "2022.05.04"]
[SourceVersion "1"]
[SourceVersionDate "2022.05.15"]
[SourceQuality "1"]

1. e4 c5 2. Nf3 d6 3. d4 cxd4 4. Nxd4 Nf6 5. Nc3 Nc6 6. Bg5 e6 7. Qd2 Be7 8.
O-O-O O-O 9. f4 h6 10. Bxf6 Bxf6 11. Nxc6 bxc6 12. Qxd6 Qb6 13. e5 Rd8 14. Qa3
Qe3+ 15. Kb1 Rxd1+ 16. Nxd1 Qxa3 17. bxa3 Rb8+ 18. Nb2 Be7 19. Bc4 Bxa3 20. Bb3
a5 21. Nc4 Bb4 22. Kc1 Ba6 23. Rd1 a4 24. a3 axb3 25. cxb3 Bxc4 0-1

[Event "Madrid ch 2021-2022 Semifinal"]
[Site "Madrid ESP"]
[Date "2022.05.11"]
[Round "8.17"]
[White "Lopez de Turiso, Jose Angel"]
[Black "Torres Rebolledo, Alvaro"]
[Result "0-1"]
[WhiteElo "1933"]
[BlackElo "1839"]
[PlyCount "98"]
[EventDate "2022.05.04"]
[EventType "swiss"]
[EventRounds "9"]
[EventCountry "ESP"]
[SourceTitle "Ajedrez en Madrid"]
[Source "lmi"]
[SourceDate "2022.05.04"]
[SourceVersion "1"]
[SourceVersionDate "2022.05.15"]
[SourceQuality "1"]

1. d4 d5 2. Nc3 Nf6 3. Bg5 Nbd7 4. Nf3 e6 5. e4 dxe4 6. Nxe4 Be7 7. Ng3 h6 8.
Bd2 O-O 9. Bd3 c5 10. c3 b6 11. O-O Bb7 12. Re1 Qc7 13. Qe2 Rfd8 14. Rad1 Rac8
15. Ne5 Nxe5 16. dxe5 c4 17. exf6 cxd3 18. Qg4 Bxf6 19. Bxh6 Qc4 20. f4 Kf8 21.
Nh5 gxh6 22. Nxf6 d2 23. Re2 Ke7 24. Nh5 Ba6 25. Qh4+ Kf8 26. Rf2 Qe4 27. Rfxd2
Rxd2 28. Rxd2 Qb1+ 29. Kf2 Qf1+ 30. Ke3 Qg1+ 31. Kf3 Bb7+ 32. Ke2 Qxg2+ 33. Ke1
Qh1+ 34. Ke2 Qf3+ 35. Ke1 Qe3+ 36. Kd1 Bf3+ 37. Kc2 Be4+ 38. Kc1 Rxc3+ 39. bxc3
Qxc3+ 40. Kd1 Bf3+ 41. Ke1 Qe3+ 42. Kf1 Qxd2 43. Ng3 Qg2+ 44. Ke1 Qg1+ 45. Kd2
Qf2+ 46. Kc3 Qe3+ 47. Kb2 Qd2+ 48. Kb3 Bd5+ 49. Ka4 Qa5# 0-1

[Event "Madrid ch 2021-2022 Semifinal"]
[Site "Madrid ESP"]
[Date "2022.05.11"]
[Round "8.18"]
[White "Lorenzo Bailador, Alfredo"]
[Black "Moreno Torrero, Javier"]
[Result "0-1"]
[WhiteElo "1962"]
[BlackElo "1948"]
[PlyCount "108"]
[EventDate "2022.05.04"]
[EventType "swiss"]
[EventRounds "9"]
[EventCountry "ESP"]
[SourceTitle "Ajedrez en Madrid"]
[Source "lmi"]
[SourceDate "2022.05.04"]
[SourceVersion "1"]
[SourceVersionDate "2022.05.15"]
[SourceQuality "1"]

1. e4 c5 2. c3 Nf6 3. e5 Nd5 4. d4 cxd4 5. Nf3 Nc6 6. Bc4 Nb6 7. Bb3 e6 8. cxd4
d6 9. O-O dxe5 10. dxe5 Qxd1 11. Rxd1 Be7 12. Nc3 O-O 13. Be3 Nd7 14. Bf4 h6
15. h4 a6 16. Rac1 Nc5 17. Bc2 b5 18. Ne4 Bb7 19. Be3 Na4 20. Rd7 Rab8 21. b3
Ba3 22. bxa4 Bxc1 23. Bxc1 Nb4 24. Bb1 Nxa2 25. Bxa2 Bxe4 26. axb5 axb5 27. Bb2
b4 28. Bb3 Rfd8 29. Rxd8+ Rxd8 30. Nd4 Bd5 31. Bxd5 Rxd5 32. f4 Ra5 33. Kh2 Ra2
34. Bc1 Ra1 35. Bd2 Rd1 36. Nf3 b3 37. Bc3 Rc1 38. Bb2 Rc2 39. Bd4 b2 40. Bxb2
Rxb2 41. Kh3 f6 42. h5 Kf7 43. Kg3 Re2 44. Nd4 Re3+ 45. Nf3 fxe5 46. fxe5 Ke7
47. Kf4 Ra3 48. g4 Ra4+ 49. Kg3 Re4 50. Nh4 Rxe5 51. Kf4 Ra5 52. Nf3 Kf6 53.
Nd2 Ra4+ 54. Ne4+ Rxe4+ 0-1

[Event "Madrid ch 2021-2022 Semifinal"]
[Site "Madrid ESP"]
[Date "2022.05.13"]
[Round "9.1"]
[White "Torres Boch, Jose F."]
[Black "Horcajuelo Rocamora, Martin"]
[Result "1-0"]
[WhiteElo "2134"]
[BlackElo "2126"]
[PlyCount "43"]
[EventDate "2022.05.04"]
[EventType "swiss"]
[EventRounds "9"]
[EventCountry "ESP"]
[SourceTitle "Ajedrez en Madrid"]
[Source "lmi"]
[SourceDate "2022.05.04"]
[SourceVersion "1"]
[SourceVersionDate "2022.05.15"]
[SourceQuality "1"]

1. e4 c5 2. Nf3 d6 3. d4 cxd4 4. Nxd4 Nf6 5. Nc3 a6 6. Bg5 e6 7. f4 Be7 8. Qf3
Qc7 9. O-O-O Nbd7 10. g4 h6 11. Bxf6 Bxf6 12. h4 Nb6 13. g5 Bxd4 14. Rxd4 Qc5
15. Qd1 hxg5 16. e5 d5 17. Ne4 Qa5 18. Nd6+ Ke7 19. Rh3 Nd7 20. Qg4 f6 21. hxg5
f5 22. Rxh8 1-0